[Event "I Weekend A"]
[Site "Salerno ITA"]
[Date "2012.01.27"]
[Round "2"]
[White "Consalvo, Gerardo"]
[Black "Lazic, Miroljub"]
[WhiteElo "2029"]
[BlackElo "2470"]
[Result "1/2-1/2"]
[PlyCount "33"]
[EventDate "2012.01.27"]

1. e4 d6 2. d4 Nf6 3. Nc3 e5 4. Nf3 Nbd7 5. Bc4 Be7 6. O-O O-O 7. a4 a5 8. Re1
c6 9. b3 exd4 10. Nxd4 Nc5 11. Bf4 Be6 12. Nxe6 fxe6 13. e5 d5 14. exf6 Bxf6
15. Qg4 dxc4 16. Rad1 Qb6 17. Bd6 1/2-1/2

[Event "I Weekend A"]
[Site "Salerno ITA"]
[Date "2012.01.27"]
[Round "2"]
[White "Crafa, Carmine"]
[Black "Grasso, Nino"]
[WhiteElo "1777"]
[BlackElo "2009"]
[Result "0-1"]
[PlyCount "84"]
[EventDate "2012.01.27"]

1. e4 e5 2. Nf3 Nc6 3. d4 exd4 4. Nxd4 Nf6 5. Nc3 Bb4 6. Nxc6 bxc6 7. Bd3 d6 8.
Bd2 O-O 9. O-O Re8 10. Re1 Rb8 11. h3 Nd7 12. a3 Bc5 13. Na4 Qh4 14. Nxc5 Nxc5
15. Bc3 Bd7 16. b3 Nxe4 17. Bxe4 Rxe4 18. Rxe4 Qxe4 19. Qd4 Qxd4 20. Bxd4 c5
21. Be3 Bf5 22. Rc1 f6 23. b4 cxb4 24. axb4 Rxb4 25. Bxa7 c5 26. c3 Rb7 27. Ra1
Kf7 28. f4 h5 29. Kf2 Ke6 30. Ke3 Kd5 31. Ra2 Rb3 32. Kd2 Kc6 33. Ra6+ Kc7 34.
Ra2 Kb7 35. h4 Rb1 36. Ke3 Re1+ 37. Kf2 Re4 38. Kf3 Rc4 39. Ra3 Bd7 40. Ke3 Ra4
41. Bxc5 dxc5 42. Rb3+ Kc7 0-1

[Event "I Weekend A"]
[Site "Salerno ITA"]
[Date "2012.01.27"]
[Round "2"]
[White "D'Errico, Francesco"]
[Black "Loi, Andrea"]
[WhiteElo "1766"]
[BlackElo "2005"]
[Result "0-1"]
[PlyCount "101"]
[EventDate "2012.01.27"]

1. d4 Nf6 2. Nf3 g6 3. Bg5 Bg7 4. c3 d6 5. Nbd2 c5 6. e3 O-O 7. Be2 Nbd7 8. O-O
Rb8 9. h3 b5 10. Bf4 b4 11. Nc4 Nd5 12. Qd2 N7f6 13. cxb4 Nxf4 14. exf4 cxb4
15. Rfd1 Nd5 16. Kh2 Qd7 17. Bf1 Bb7 18. Ne1 Rfc8 19. Rac1 Rc7 20. g3 Rbc8 21.
Ne3 Rxc1 22. Rxc1 Rxc1 23. Qxc1 Bxd4 24. Nxd5 Bxd5 25. Qd2 e5 26. Nc2 Qc6 27.
Nxb4 Qc5 28. Nxd5 Qxd5 29. fxe5 dxe5 30. b3 Qf3 31. Bg2 Qxf2 32. Qxf2 Bxf2 33.
Bd5 a5 34. Kg2 Bc5 35. Kf3 Kg7 36. Ke4 Bd4 37. g4 h5 38. a3 f6 39. b4 axb4 40.
axb4 Kh6 41. Be6 Kg5 42. Kf3 f5 43. gxf5 gxf5 44. h4+ Kf6 45. Bd7 e4+ 46. Ke2
f4 47. Bc6 f3+ 48. Kf1 Kf5 49. Bd7+ Kf4 50. Bc6 e3 51. b5 0-1

[Event "I Weekend A"]
[Site "Salerno ITA"]
[Date "2012.01.27"]
[Round "2"]
[White "De Felice, Michele"]
[Black "Cangiano, Federico"]
[WhiteElo "1845"]
[BlackElo "1963"]
[Result "0-1"]
[PlyCount "97"]
[EventDate "2012.01.27"]

1. d4 e6 2. Nf3 d5 3. e3 c6 4. Bd3 f5 5. Nbd2 Nf6 6. Ne5 Bd6 7. Ndf3 O-O 8. O-O
Nbd7 9. b3 Ne4 10. Bb2 Rf6 11. c4 Rh6 12. c5 Bc7 13. b4 Qe8 14. Nd2 Nxd2 15.
Qxd2 Qh5 16. h3 g5 17. f3 Nf6 18. Qe2 Bd7 19. Rf2 Rf8 20. Kf1 Qh4 21. Ke1 g4
22. hxg4 fxg4 23. Kd2 Bxe5 24. dxe5 Ne4+ 25. Bxe4 dxe4 26. f4 Be8 27. Rg1 Qg3
28. Rff1 Rh2 29. Qf2 Qxf2+ 30. Rxf2 g3 31. Rff1 Bg6 32. Kc2 Bh5 33. Kc1 Be2 34.
Re1 Bd3 35. Bd4 Kf7 36. Kd2 Kg6 37. Kc3 Kf5 38. Rd1 Kg4 39. Rxd3 exd3 40. Kxd3
h5 41. a4 h4 42. Ke4 h3 43. gxh3+ Kxh3 44. b5 g2 45. Kf3 Rg8 46. e4 Rh1 47. f5
exf5 48. exf5 Kh2 49. Rxg2+ 0-1

[Event "I Weekend A"]
[Site "Salerno ITA"]
[Date "2012.01.27"]
[Round "2"]
[White "Gambardella, Piero"]
[Black "Seletsky, Grigory"]
[WhiteElo "2002"]
[BlackElo "2277"]
[Result "0-1"]
[PlyCount "82"]
[EventDate "2012.01.27"]

1. d4 c5 2. d5 f5 3. g3 Nf6 4. Bg2 d6 5. Nh3 g6 6. O-O Bg7 7. c4 O-O 8. Nc3 Na6
9. Nf4 Nc7 10. h4 Qe8 11. Qb3 Rb8 12. Nb5 Nxb5 13. cxb5 Bd7 14. Qa3 Bxb5 15.
Ne6 Bxe2 16. Re1 Ba6 17. Nxf8 Qxf8 18. Qe3 Re8 19. Qe6+ Qf7 20. a4 Bc4 21. Bf4
Bxd5 22. Bxd5 Nxd5 23. Bxd6 Qxe6 24. Rxe6 Kf7 25. Rae1 b6 26. a5 Bxb2 27. axb6
axb6 28. Bf4 Bd4 29. Rc6 Ra8 30. Be5 Ra4 31. Bxd4 Rxd4 32. h5 c4 33. hxg6+ hxg6
34. Ree6 c3 35. Kg2 b5 36. Rxg6 b4 37. Rh6 b3 38. Rh5 b2 39. Rxf5+ Ke8 40. Rc8+
Kd7 41. Rb8 Nb4 0-1

[Event "I Weekend A"]
[Site "Salerno ITA"]
[Date "2012.01.27"]
[Round "2"]
[White "Laketic, Gojko"]
[Black "Ficco, Corrado"]
[WhiteElo "2430"]
[BlackElo "2071"]
[Result "1-0"]
[PlyCount "67"]
[EventDate "2012.01.27"]

1. d4 g6 2. e4 Bg7 3. Nf3 d6 4. Be2 Nf6 5. Nc3 c5 6. d5 O-O 7. O-O Bg4 8. h3
Bxf3 9. Bxf3 Nbd7 10. Re1 a6 11. a4 Qc7 12. a5 b5 13. axb6 Qxb6 14. Be2 Ne8 15.
Ra2 Nc7 16. Nb1 Nb5 17. Nd2 Qc7 18. Nc4 Nd4 19. Bg5 Nxe2+ 20. Qxe2 Rfe8 21. Bd2
e6 22. Ba5 Qb8 23. Qd2 Bf8 24. Bc3 exd5 25. Qxd5 Nb6 26. Nxb6 Qxb6 27. Rd1 Rac8
28. f3 Re6 29. Rda1 Rc6 30. Qc4 Qb5 31. b3 Be7 32. Qxb5 axb5 33. Ra8+ Bf8 34.
Rb8 1-0

[Event "I Weekend A"]
[Site "Salerno ITA"]
[Date "2012.01.27"]
[Round "2"]
[White "Lamagna, Mario"]
[Black "Esposito, Luca"]
[WhiteElo "1987"]
[BlackElo "2224"]
[Result "0-1"]
[PlyCount "54"]
[EventDate "2012.01.27"]

1. e4 d6 2. d4 Nf6 3. Nc3 e5 4. dxe5 dxe5 5. Qxd8+ Kxd8 6. Bg5 c6 7. O-O-O+ Ke8
8. f3 Be6 9. a3 Nbd7 10. Nge2 b5 11. Ng3 a5 12. Nf5 b4 13. Nb1 Bxf5 14. exf5
Nd5 15. Bc4 f6 16. Bxd5 cxd5 17. Be3 d4 18. Bf2 Kf7 19. f4 Bd6 20. Rhe1 Rhc8
21. Rd3 Rc6 22. Kd2 Rac8 23. c3 Nc5 24. Rh3 Na4 25. Kc2 bxc3 26. b3 Nb2 27. Re4
d3+ 0-1

[Event "I Weekend A"]
[Site "Salerno ITA"]
[Date "2012.01.27"]
[Round "2"]
[White "Lamberti, Valerio"]
[Black "Ricci, Alessio"]
[WhiteElo "1750"]
[BlackElo "1865"]
[Result "0-1"]
[PlyCount "44"]
[EventDate "2012.01.27"]

1. e4 Nc6 2. d4 e5 3. d5 Nce7 4. Nf3 Ng6 5. Nc3 Nf6 6. a3 a5 7. Be2 Bc5 8. O-O
O-O 9. Bg5 h6 10. Bxf6 Qxf6 11. Bc4 d6 12. h3 Nf4 13. Ne2 Nxh3+ 14. gxh3 Qxf3
15. Qd3 Qxh3 16. Qxh3 Bxh3 17. Rfe1 f5 18. Kh2 Bg4 19. Kg3 Bxe2 20. Rxe2 fxe4
21. Rxe4 Rxf2 22. Rf1 Rxc2 0-1

[Event "I Weekend A"]
[Site "Salerno ITA"]
[Date "2012.01.27"]
[Round "2"]
[White "Maddaloni, Giovanni"]
[Black "Franzese, Luigi"]
[WhiteElo "1770"]
[BlackElo "1877"]
[Result "1/2-1/2"]
[PlyCount "108"]
[EventDate "2012.01.27"]

1. e4 c5 2. Nf3 e6 3. d4 cxd4 4. Nxd4 a6 5. g3 Qc7 6. Bg2 Nf6 7. Nc3 Be7 8. O-O
O-O 9. a4 Nc6 10. Be3 d6 11. Nb3 Bd7 12. a5 Rfc8 13. f4 Qb8 14. Qd2 Ng4 15. Bb6
Bd8 16. Rad1 Nxa5 17. Bxd8 Nxb3 18. cxb3 Qa7+ 19. Qd4 Qxd4+ 20. Rxd4 Rxd8 21.
Rxd6 Ne3 22. Re1 Nxg2 23. Kxg2 Bc6 24. Red1 Rxd6 25. Rxd6 Kf8 26. Kf2 Ke7 27.
Rd2 Rd8 28. Ke3 Rd7 29. Rxd7+ Kxd7 30. b4 f6 31. Kd4 b6 32. h4 g6 33. e5 f5 34.
Kc4 Bg2 35. Kd4 Kc6 36. Kc4 Bf1+ 37. Kd4 h6 38. b3 Bb5 39. Nd1 Bf1 40. Ne3 Be2
41. Nc4 Bd1 42. Kc3 b5 43. Ne3 Bf3 44. Nc2 Bd1 45. Nd4+ Kd5 46. Kd3 h5 47. Ke3
Bg4 48. Kd3 Bh3 49. Ke3 Bg2 50. Kd3 Be4+ 51. Kc3 Bb1 52. Nf3 Be4 53. Nd4 Bg2
54. Kd3 Be4+ 1/2-1/2

[Event "I Weekend A"]
[Site "Salerno ITA"]
[Date "2012.01.27"]
[Round "2"]
[White "Martorelli, Antonio"]
[Black "Capozzi, Virgilio"]
[WhiteElo "2230"]
[BlackElo "1976"]
[Result "1-0"]
[PlyCount "55"]
[EventDate "2012.01.27"]

1. e4 e6 2. d4 d5 3. Nc3 Nf6 4. e5 Nfd7 5. Nf3 c5 6. dxc5 Bxc5 7. Bd3 Nc6 8.
Bf4 Nb4 9. Be2 O-O 10. O-O f6 11. exf6 Nxf6 12. Ne5 Nc6 13. Bd3 Bd6 14. Qe2
Nxe5 15. Bxe5 Bxe5 16. Qxe5 Bd7 17. Rae1 Qb8 18. Qd4 Qd6 19. Re3 a6 20. Rfe1
Rac8 21. Qh4 Qe7 22. Nxd5 Qf7 23. Nxf6+ gxf6 24. Rf3 Qe7 25. Ree3 Rc5 26. Rg3+
Rg5 27. Rxg5+ fxg5 28. Rg3 1-0

[Event "I Weekend A"]
[Site "Salerno ITA"]
[Date "2012.01.27"]
[Round "2"]
[White "Occhipinti, Giuseppe"]
[Black "Messina, Enrico"]
[WhiteElo "1971"]
[BlackElo "2139"]
[Result "0-1"]
[PlyCount "86"]
[EventDate "2012.01.27"]

1. e4 c5 2. Nf3 d6 3. d4 cxd4 4. Nxd4 Nf6 5. Nc3 g6 6. Be3 Bg7 7. f3 O-O 8. Qd2
Nc6 9. O-O-O d5 10. Nxc6 bxc6 11. exd5 Nxd5 12. Bd4 Nxc3 13. Qxc3 Bh6+ 14. Be3
Bxe3+ 15. Qxe3 Qb6 16. Qxb6 axb6 17. a3 Be6 18. Bd3 Kg7 19. Be4 Rfc8 20. f4 b5
21. h3 h5 22. Rhe1 Ra4 23. c3 c5 24. Bd5 Bxd5 25. Rxd5 e6 26. Rd7 Kf6 27. Kc2
Rxf4 28. Re2 b4 29. g3 Rf1 30. a4 Rf3 31. Rd3 b3+ 32. Kd2 Rf1 33. Rd7 c4 34. a5
Ra8 35. Rd4 Rxa5 36. Rxc4 Ra2 37. Kd3 Rb1 38. Rf2+ Ke7 39. Rc7+ Kd6 40. Rfxf7
Rbxb2 41. Kd4 Rd2+ 42. Kc4 b2 43. Rb7 Ra4+ 0-1

[Event "I Weekend A"]
[Site "Salerno ITA"]
[Date "2012.01.27"]
[Round "2"]
[White "Paduano, Gennaro"]
[Black "Skrijely, Edin"]
[WhiteElo "1858"]
[BlackElo "1737"]
[Result "0-1"]
[PlyCount "76"]
[EventDate "2012.01.27"]

1. e4 b6 2. d4 Bb7 3. Nc3 g6 4. Be3 Bg7 5. Qd2 d6 6. Bc4 Nd7 7. Nge2 Ndf6 8. f3
h5 9. Nf4 Bh6 10. Nh3 e6 11. Ng5 Qe7 12. h4 O-O-O 13. Qe2 c5 14. a4 d5 15. Ba6
c4 16. Bxb7+ Qxb7 17. e5 Ne8 18. Nb5 a6 19. Nc3 Bxg5 20. Bxg5 Rd7 21. Kf2 Nh6
22. Bxh6 Rxh6 23. Ra3 Ng7 24. Na2 Nf5 25. Qd2 Rh7 26. g4 hxg4 27. fxg4 Nh6 28.
Kg3 f6 29. Qf4 fxe5 30. Qxe5 Nf7 31. Qf6 Nd6 32. Nc3 Qc7 33. Kg2 Ne4 34. Nxe4
dxe4 35. Rc3 Rdf7 36. Qg5 Qc6 37. Kg1 Rf3 38. Rh2 e3 0-1

[Event "I Weekend A"]
[Site "Salerno ITA"]
[Date "2012.01.27"]
[Round "2"]
[White "Paolillo, Gaia"]
[Black "Mazzarone, Maurizio"]
[WhiteElo "1838"]
[BlackElo "1930"]
[Result "1-0"]
[PlyCount "111"]
[EventDate "2012.01.27"]

1. e4 e6 2. d4 d5 3. exd5 exd5 4. Nf3 Nf6 5. Bd3 Bg4 6. Bg5 Be7 7. Nbd2 Nbd7 8.
c3 O-O 9. O-O Re8 10. Qc2 h6 11. Bf4 Rc8 12. h3 Be6 13. Qb3 Nb6 14. a4 a5 15.
Ne5 Bd6 16. Rfe1 Nfd7 17. Ndf3 Nxe5 18. Bxe5 Bxe5 19. Nxe5 Qg5 20. Re3 Qd8 21.
Bb1 Nd7 22. Qxb7 Nxe5 23. dxe5 Rb8 24. Qa6 Rxb2 25. Qxa5 Qh4 26. Rf3 Qg5 27.
Bd3 Qxe5 28. Bb5 Rb8 29. Rf1 d4 30. cxd4 Qd6 31. Rg3 c6 32. d5 R2xb5 33. axb5
Qxd5 34. Qc3 g6 35. bxc6 Rc8 36. Qc1 Kh7 37. Rc3 Rc7 38. Rd1 Qe4 39. Qe3 Qa4
40. Re1 Qb4 41. Qc5 Qf4 42. Rb1 Bc8 43. Qc4 Qf5 44. Rb8 Qe5 45. Re3 Qf5 46. Rf3
Qe6 47. Qxe6 fxe6 48. Rb6 Kg7 49. Kf1 e5 50. Ke2 g5 51. Ke3 Kg6 52. Ke4 Re7 53.
c7+ Kg7 54. Rc3 Kh7 55. Rb8 Re8 56. Rd3 1-0

[Event "I Weekend A"]
[Site "Salerno ITA"]
[Date "2012.01.27"]
[Round "2"]
[White "Pescatore, Lorenzo"]
[Black "Lombardi, Luca"]
[WhiteElo "2174"]
[BlackElo "1620"]
[Result "1-0"]
[PlyCount "47"]
[EventDate "2012.01.27"]

1. e4 d5 2. exd5 Qxd5 3. Nc3 Qd8 4. d4 c6 5. Nf3 Nf6 6. Bc4 Bf5 7. Ne5 Bg6 8.
h4 Nbd7 9. h5 Nxe5 10. dxe5 Qxd1+ 11. Nxd1 Nxh5 12. a4 Ng3 13. fxg3 Bxc2 14. e6
fxe6 15. Bxe6 Be4 16. O-O Bd5 17. Bxd5 cxd5 18. Nc3 e6 19. Be3 a6 20. Bd4 Bd6
21. Rae1 Kd7 22. Rf7+ Kc6 23. Rc1 Bxg3 24. Ne4# 1-0

[Event "I Weekend A"]
[Site "Salerno ITA"]
[Date "2012.01.27"]
[Round "2"]
[White "Rebeggiani, Andrea"]
[Black "Quattrone, Andrea"]
[WhiteElo "1947"]
[BlackElo "1790"]
[Result "0-1"]
[PlyCount "47"]
[EventDate "2012.01.27"]

1. e4 c6 2. d4 d5 3. e5 c5 4. dxc5 Nc6 5. Bb5 e6 6. Be3 Bd7 7. Bxc6 Bxc6 8. c3
d4 9. Nf3 dxe3 10. Qe2 Bxc5 11. fxe3 Nh6 12. Nbd2 O-O 13. O-O-O Qc7 14. e4 Ba4
15. Rdf1 Be7 16. h4 Rac8 17. g4 Nxg4 18. Ng5 h5 19. Ndf3 a6 20. Rhg1 Bb5 21.
Qd2 Qc4 22. Rxg4 hxg4 23. Ne1 Qe2 24. Qf4 0-1

[Event "I Weekend A"]
[Site "Salerno ITA"]
[Date "2012.01.27"]
[Round "2"]
[White "Somma, Andrea"]
[Black "Di Lascio, Savino"]
[WhiteElo "1785"]
[BlackElo "1992"]
[Result "1/2-1/2"]
[PlyCount "100"]
[EventDate "2012.01.27"]

1. e4 c6 2. d3 d5 3. Nd2 dxe4 4. dxe4 e5 5. Ngf3 Bg4 6. h3 Bxf3 7. Qxf3 Bc5 8.
Be2 Ne7 9. O-O O-O 10. Nc4 Qc7 11. Qg3 Nd7 12. Bg4 Rad8 13. Bxd7 Rxd7 14. Qxe5
Qxe5 15. Nxe5 Rd4 16. Nd3 Bb6 17. Re1 Re8 18. b3 Ng6 19. e5 Ba5 20. Bb2 Rd5 21.
b4 Bb6 22. Rad1 h6 23. c4 Rdd8 24. c5 Bc7 25. a4 Nxe5 26. Nxe5 Rxd1 27. Rxd1
Bxe5 28. Bxe5 Rxe5 29. Rd8+ Kh7 30. Rd7 a5 31. Rxf7 axb4 32. Rxb7 Rxc5 33. Rxb4
Rc1+ 34. Kh2 c5 35. Rb8 c4 36. Rc8 c3 37. a5 Ra1 38. Rxc3 Rxa5 39. Rc4 Rf5 40.
Kg3 h5 41. f4 Kh6 42. h4 Ra5 43. Re4 Ra3+ 44. Kf2 Kg6 45. Re3 Ra5 46. Rg3+ Kf6
47. Rg5 Ra2+ 48. Kg3 Ra3+ 49. Kh2 g6 50. g3 Ra2+ 1/2-1/2

[Event "I Weekend A"]
[Site "Salerno ITA"]
[Date "2012.01.27"]
[Round "2"]
[White "Spano' Cuomo, Gaetano"]
[Black "Colucci, Stefano"]
[WhiteElo "1804"]
[BlackElo "1895"]
[Result "0-1"]
[PlyCount "98"]
[EventDate "2012.01.27"]

1. d4 Nf6 2. c4 e6 3. Nc3 Bb4 4. Nf3 b6 5. e3 Bb7 6. Be2 O-O 7. O-O Bxc3 8.
bxc3 Ne4 9. Qc2 d6 10. Ne1 f5 11. f3 Nf6 12. Bd3 Nc6 13. e4 fxe4 14. fxe4 e5
15. Nf3 Qe8 16. d5 Na5 17. Bg5 Ba6 18. Nh4 Qh5 19. Bxf6 Rxf6 20. Rxf6 gxf6 21.
Qf2 Rf8 22. Be2 Qg5 23. Nf5 Bxc4 24. Bxc4 Nxc4 25. h4 Qf4 26. Qe2 Nd2 27. g3
Qxe4 28. Nh6+ Kg7 29. Qxd2 Qg6 30. Rf1 Qxh6 31. Qd3 Qg6 32. Rf5 Kf7 33. Kh2 Ke7
34. Qe4 Rg8 35. Qf3 Qh6 36. Kh3 Rg6 37. Rh5 Qg7 38. g4 Qf7 39. Qf5 Kf8 40. c4
Kg8 41. Kg3 Qe7 42. Qe4 Qd7 43. Rf5 Kg7 44. h5 Rg5 45. Rf2 f5 46. Rxf5 Qxf5 47.
Qxf5 Rxf5 48. gxf5 Kf6 49. Kg4 h6 0-1

[Event "I Weekend A"]
[Site "Salerno ITA"]
[Date "2012.01.27"]
[Round "2"]
[White "Stromboli, Ettore"]
[Black "Puglisi, Vincenzo"]
[WhiteElo "2302"]
[BlackElo "2034"]
[Result "1-0"]
[PlyCount "81"]
[EventDate "2012.01.27"]

1. e4 c5 2. Nf3 Nc6 3. d4 cxd4 4. Nxd4 Nxd4 5. Qxd4 d6 6. Nc3 e6 7. Bb5+ Bd7 8.
Bxd7+ Qxd7 9. O-O Ne7 10. Bg5 Nc6 11. Qd2 Be7 12. Rad1 Rd8 13. Nb5 f6 14. Be3
O-O 15. Nxa7 Nxa7 16. Bxa7 Ra8 17. Bc5 Qc6 18. Ba3 Qxe4 19. Rfe1 Qc4 20. b3 Qc8
21. Qc1 Rd8 22. Qb2 b5 23. Bb4 Kf7 24. Rd2 d5 25. Bxe7 Kxe7 26. Rde2 Ra6 27. h3
Kf7 28. Qd4 e5 29. Qd3 Kg8 30. Qxb5 Rxa2 31. Qd3 Qc6 32. c4 Rxe2 33. Rxe2 d4
34. b4 Ra8 35. c5 Qc7 36. Qc4+ Kf8 37. Re1 Rc8 38. Rc1 g6 39. b5 Kg7 40. c6 Qb6
41. Qd5 1-0

[Event "I Weekend A"]
[Site "Salerno ITA"]
[Date "2012.01.27"]
[Round "2"]
[White "Taurisano, Vincenzo"]
[Black "Moscarino, Carlo"]
[WhiteElo "1888"]
[BlackElo "1784"]
[Result "1-0"]
[PlyCount "45"]
[EventDate "2012.01.27"]

1. d4 Nf6 2. c4 d5 3. cxd5 Nxd5 4. e4 Nf6 5. Nc3 c6 6. Nf3 Bg4 7. e5 Nd5 8. h3
Bh5 9. Bc4 e6 10. O-O Be7 11. Nxd5 cxd5 12. Bb5+ Nc6 13. Be3 O-O 14. Kh2 f5 15.
Qd2 h6 16. Bxh6 gxh6 17. Qxh6 Bf7 18. g4 f4 19. Bd3 Re8 20. Bh7+ Kh8 21. Bg6+
Kg8 22. Qh7+ Kf8 23. Qxf7# 1-0

[Event "I Weekend A"]
[Site "Salerno ITA"]
[Date "2012.01.27"]
[Round "2"]
[White "Varvaglione, Antonio"]
[Black "Nadj Hedjesi, Balind"]
[WhiteElo "2008"]
[BlackElo "2386"]
[Result "0-1"]
[PlyCount "101"]
[EventDate "2012.01.27"]

1. e4 c5 2. c3 Nf6 3. e5 Nd5 4. d4 e6 5. Nf3 cxd4 6. cxd4 Na6 7. Nc3 Nac7 8.
Bc4 Nxc3 9. bxc3 Be7 10. O-O O-O 11. Re1 b5 12. Bb3 Bb7 13. Qd3 Bxf3 14. Qxf3
d5 15. Qg4 g6 16. Bh6 Re8 17. Re3 Qd7 18. Rae1 b4 19. Rh3 Rec8 20. Ree3 Ne8 21.
Bg5 Rxc3 22. Rxc3 bxc3 23. Rxc3 h5 24. Qf4 Bxg5 25. Qxg5 Rc8 26. Qc1 Rxc3 27.
Qxc3 Qb5 28. h3 Qb7 29. Qc5 Ng7 30. Qc3 Qb6 31. Qc8+ Kh7 32. Qc5 Nf5 33. Qf8
Qb7 34. Qc5 Kg7 35. Bc2 Ne7 36. Bb3 Nc6 37. Ba4 Ne7 38. Bb3 h4 39. Qc3 Qb6 40.
Qe3 Nf5 41. Qg5 Qxd4 42. Qf6+ Kg8 43. Bc2 Qc3 44. Qd8+ Kh7 45. Bxf5 Qe1+ 46.
Kh2 Qxe5+ 47. Kg1 Qxf5 48. Qxh4+ Kg8 49. Qb4 Qe5 50. Qa4 Qe1+ 51. Kh2 0-1

[Event "I Weekend A"]
[Site "Salerno ITA"]
[Date "2012.01.28"]
[Round "3"]
[White "Cangiano, Federico"]
[Black "Somma, Andrea"]
[WhiteElo "1963"]
[BlackElo "1785"]
[Result "1/2-1/2"]
[PlyCount "56"]
[EventDate "2012.01.27"]

1. d4 d5 2. Nf3 Nf6 3. e3 e6 4. Bd3 c5 5. c3 Nc6 6. O-O Bd6 7. Nbd2 O-O 8. Qe2
Re8 9. Re1 cxd4 10. exd4 e5 11. dxe5 Nxe5 12. Nxe5 Rxe5 13. Qd1 Bg4 14. f3 Qb6+
15. Kh1 Rxe1+ 16. Qxe1 Re8 17. Qf1 Bc5 18. Nb3 Bf2 19. Bg5 Bh5 20. Bd2 a6 21.
Be1 Be3 22. Bh4 d4 23. Bxf6 Qxf6 24. cxd4 Bxd4 25. Nxd4 Qxd4 26. Re1 Rxe1 27.
Qxe1 Kf8 28. Qd2 Qc5 1/2-1/2

[Event "I Weekend A"]
[Site "Salerno ITA"]
[Date "2012.01.28"]
[Round "3"]
[White "Capozzi, Virgilio"]
[Black "Paolillo, Gaia"]
[WhiteElo "1976"]
[BlackElo "1838"]
[Result "1-0"]
[PlyCount "93"]
[EventDate "2012.01.27"]

1. Nf3 Nf6 2. c4 e6 3. Nc3 d5 4. d4 c6 5. Bg5 Nbd7 6. e3 Bd6 7. Bd3 dxc4 8.
Bxc4 Qb6 9. Qc2 O-O 10. O-O Qc7 11. Rac1 e5 12. h3 h6 13. Bxh6 gxh6 14. Qg6+
Kh8 15. Qxh6+ Kg8 16. Ng5 Qd8 17. Nxf7 Rxf7 18. Qg6+ Kh8 19. Bxf7 Qf8 20. Rfd1
Qg7 21. dxe5 Bxe5 22. f4 Bc7 23. Qxg7+ Kxg7 24. Bb3 Bb6 25. Kf2 Nc5 26. Bc2 Be6
27. Kf3 Re8 28. g4 Nd5 29. e4 Nxc3 30. bxc3 Bxa2 31. h4 Bc7 32. Ra1 Bc4 33.
Rxa7 Ba6 34. e5 Rf8 35. Bf5 Bb6 36. Rxa6 bxa6 37. Rd6 a5 38. Rxc6 a4 39. h5 a3
40. h6+ Kh8 41. Bb1 Ba7 42. g5 Nb3 43. g6 Ra8 44. g7+ Kg8 45. Ba2 Rb8 46. Bxb3+
Rxb3 47. Rc8+ 1-0

[Event "I Weekend A"]
[Site "Salerno ITA"]
[Date "2012.01.28"]
[Round "3"]
[White "Chiusano, Raimondo"]
[Black "Loi, Andrea"]
[WhiteElo "2124"]
[BlackElo "2005"]
[Result "1-0"]
[PlyCount "89"]
[EventDate "2012.01.27"]

1. Nf3 Nf6 2. g3 g6 3. Bg2 Bg7 4. c4 d6 5. O-O O-O 6. Nc3 Nbd7 7. Rb1 e5 8. d3
Ne8 9. b4 f5 10. Bg5 Bf6 11. Bh6 Bg7 12. Bg5 Bf6 13. Bd2 Bg7 14. Qc1 f4 15.
gxf4 exf4 16. Nd5 g5 17. b5 Ne5 18. Kh1 g4 19. Nxe5 dxe5 20. Be4 Qh4 21. Rg1
Rf7 22. Rg2 Nd6 23. Bc3 Nxe4 24. dxe4 Qg5 25. Qd2 Be6 26. Ba5 b6 27. Bc3 h5 28.
Rbg1 Kh7 29. Qc1 Rg8 30. Qd2 h4 31. Rxg4 Bxg4 32. h3 Qg6 33. f3 Bxf3+ 34. exf3
Qe6 35. Rg4 Bh6 36. Bxe5 Rxg4 37. hxg4 Bg7 38. Bxg7 Rxg7 39. Qd4 Rf7 40. e5 Qg6
41. Nf6+ Kg7 42. Qxf4 Qb1+ 43. Kh2 Qxa2+ 44. Kh3 Qf2 45. Qg5+ 1-0

[Event "I Weekend A"]
[Site "Salerno ITA"]
[Date "2012.01.28"]
[Round "3"]
[White "Colucci, Stefano"]
[Black "Bianco, Raffaele"]
[WhiteElo "1895"]
[BlackElo "2068"]
[Result "0-1"]
[PlyCount "80"]
[EventDate "2012.01.27"]

1. e4 e5 2. Nf3 Nc6 3. Bb5 a6 4. Ba4 Nf6 5. O-O b5 6. Bb3 Be7 7. Re1 d6 8. h3
Na5 9. c3 Nxb3 10. axb3 O-O 11. b4 Bb7 12. d3 Re8 13. Nbd2 Bf8 14. Nb3 h6 15.
Be3 Qd7 16. Nh4 Rad8 17. Na5 Ba8 18. Nb3 Qc8 19. Qf3 Re6 20. Nf5 Kh7 21. g4 g6
22. Ng3 Bg7 23. Kh2 Ng8 24. Rg1 Rf8 25. Qe2 Bf6 26. Nd2 Bg5 27. Nf3 Bf4 28. Kh1
Bxg3 29. Rxg3 f5 30. gxf5 gxf5 31. Rag1 fxe4 32. Rg7+ Kh8 33. dxe4 Bxe4 34.
R7g3 Ref6 35. Kh2 Rxf3 36. Qd2 Qf5 37. Rg4 Nf6 38. Rh4 Nh5 39. Bd4 Rxf2+ 40.
Bxf2 Qxf2+ 0-1

[Event "I Weekend A"]
[Site "Salerno ITA"]
[Date "2012.01.28"]
[Round "3"]
[White "Di Lascio, Savino"]
[Black "Cardone, Andrea"]
[WhiteElo "1992"]
[BlackElo "1875"]
[Result "1-0"]
[PlyCount "59"]
[EventDate "2012.01.27"]

1. e4 d6 2. Nf3 g6 3. Bc4 Nc6 4. d4 Bg7 5. h4 Nf6 6. Nc3 O-O 7. Bg5 Na5 8. Bd3
Bg4 9. Qd2 Bxf3 10. gxf3 e5 11. d5 b6 12. h5 Qd7 13. Bb5 c6 14. dxc6 Qe6 15.
Bxf6 Qxf6 16. Ke2 a6 17. Nd5 Qd8 18. c7 Nc4 19. Bxc4 Qd7 20. hxg6 Qe6 21. gxf7+
Kh8 22. Rag1 Qxf7 23. Rg3 b5 24. Bb3 Rfe8 25. Rgh3 Qg6 26. Rxh7+ Qxh7 27. Rxh7+
Kxh7 28. Qg5 Rec8 29. Qh5+ Bh6 30. Nf6+ 1-0

[Event "I Weekend A"]
[Site "Salerno ITA"]
[Date "2012.01.28"]
[Round "3"]
[White "Esposito, Luca"]
[Black "Laketic, Gojko"]
[WhiteElo "2224"]
[BlackElo "2430"]
[Result "0-1"]
[PlyCount "72"]
[EventDate "2012.01.27"]

1. d4 Nf6 2. c4 e6 3. g3 d5 4. Nf3 c6 5. Bg2 Nbd7 6. O-O Be7 7. Qc2 b6 8. Nbd2
Bb7 9. e4 O-O 10. e5 Ne8 11. h4 Nc7 12. Re1 c5 13. Nf1 h6 14. Ne3 b5 15. b3
dxc4 16. bxc4 cxd4 17. Nxd4 Bxg2 18. Nxg2 Nxe5 19. Rxe5 Qxd4 20. Bb2 Qxc4 21.
Qxc4 bxc4 22. Re4 c3 23. Bxc3 Nd5 24. Be5 Rfc8 25. Nf4 f6 26. Bd4 Nxf4 27. gxf4
Rc4 28. f5 e5 29. Rae1 Bb4 30. Bb2 Rac8 31. R1e2 Rxe4 32. Rxe4 Ba5 33. f4 Rc2
34. Ba3 Bb6+ 35. Kh1 Rxa2 36. fxe5 Rxa3 0-1

[Event "I Weekend A"]
[Site "Salerno ITA"]
[Date "2012.01.28"]
[Round "3"]
[White "Franzese, Luigi"]
[Black "D'Errico, Francesco"]
[WhiteElo "1877"]
[BlackElo "1766"]
[Result "1-0"]
[PlyCount "99"]
[EventDate "2012.01.27"]

1. e4 c6 2. d4 d5 3. exd5 cxd5 4. Nf3 Nf6 5. Bd3 Nc6 6. c3 Bg4 7. Nbd2 e6 8. h3
Bh5 9. O-O Be7 10. Re1 O-O 11. Nf1 a6 12. Ng3 Bg6 13. Ne5 Bxd3 14. Nxd3 Bd6 15.
Bf4 Bxf4 16. Nxf4 Qc7 17. Nd3 b5 18. a4 Nd7 19. axb5 axb5 20. Qb3 Qb6 21. Nf1
Rfc8 22. Nd2 Na5 23. Qd1 Ra7 24. b4 Nc4 25. Rxa7 Qxa7 26. Nc5 Ra8 27. Nxc4 dxc4
28. Qf3 Nf6 29. Qc6 Qa3 30. Kh2 Nd5 31. Nxe6 Nf6 32. Nc7 Rf8 33. Nxb5 Qa2 34.
Qf3 Qa6 35. Nc7 Qd6+ 36. Qg3 Qc6 37. Re7 Nh5 38. Qe5 g6 39. Re8 Ng7 40. Rxf8+
Kxf8 41. Qc5+ Qxc5 42. dxc5 Ke7 43. Nd5+ Kd7 44. Nb6+ Kc6 45. Nxc4 Kd5 46. Nb6+
Kc6 47. Kg3 Ne6 48. Kf3 Nc7 49. Ke4 Ne6 50. Ke5 1-0

[Event "I Weekend A"]
[Site "Salerno ITA"]
[Date "2012.01.28"]
[Round "3"]
[White "Grasso, Nino"]
[Black "Buiano, Fabio"]
[WhiteElo "2009"]
[BlackElo "2033"]
[Result "0-1"]
[PlyCount "102"]
[EventDate "2012.01.27"]

1. e4 d6 2. d4 Nf6 3. Nc3 c6 4. f4 d5 5. e5 Ng8 6. Bd3 g6 7. Nf3 h5 8. O-O Nh6
9. Nh4 Bg4 10. Qe1 e6 11. h3 Bf5 12. Nxf5 Nxf5 13. Bxf5 gxf5 14. Be3 Nd7 15.
Ne2 Be7 16. Kh2 Qc7 17. Ng1 O-O-O 18. Nf3 f6 19. Bf2 Rde8 20. a4 Bd8 21. Qe3
Qb8 22. Rfc1 a5 23. c4 dxc4 24. Nd2 Bb6 25. Nxc4 fxe5 26. fxe5 Bc7 27. Qc3 Rhg8
28. Kh1 Qa8 29. Be1 b6 30. Qf3 Kb8 31. Ne3 c5 32. Qxa8+ Kxa8 33. dxc5 Nxc5 34.
Nc4 Nb3 35. Bf2 Nxa1 36. Rxa1 Kb7 37. Rb1 Rd8 38. b4 axb4 39. Rxb4 Rd1+ 40. Kh2
Rc1 41. Nxb6 Bxe5+ 42. g3 Rc2 43. Nc4+ Kc8 44. Kg2 Rxg3+ 45. Kf1 Rc1+ 46. Ke2
Rc2+ 47. Kf1 Rf3 48. Nxe5 Rfxf2+ 49. Kg1 Rfe2 50. Nd3 Red2 51. Ne1 Rc1 0-1